| 000 | 00812cam a22002531a 4500 | ||
|---|---|---|---|
| 001 | BD-DhSAU 6975 | ||
| 003 | BD-DhSAU | ||
| 005 | 20150516123912.0 | ||
| 008 | 750723s1949 enka rb 001 0 eng | ||
| 040 | _aBD-DhSAU | ||
| 082 |
_a632.4 _222 _bMUF |
||
| 100 | 1 |
_aMundkur, B. B. _q(Balachandra Bhavanishankar), _d1896-1952. |
|
| 245 | 1 | 0 |
_aFungi and plant disease / _cby B.B. Mundkur. |
| 260 |
_aLondon : _bMacmillan, _cc1949 |
||
| 300 |
_ax, 246 p. : _bill. ; _c23 cm. |
||
| 504 | _aIncludes bibliographical references and index. | ||
| 590 | _ajoy | ||
| 650 | 0 |
_aFungal diseases of plants _zIndia. |
|
| 650 | 0 |
_aPlant diseases _zIndia. |
|
| 650 | 0 |
_aPlant diseases _zIndia _xIdentification. |
|
| 650 | 0 |
_aPhytopathogenic fungi _zIndia _xIdentification. |
|
| 650 | 0 |
_aFungi _zIndia. |
|
| 650 | 0 | _aPlant pathology. | |
| 942 |
_2ddc _cBOOK |
||
| 999 |
_c6975 _d6975 |
||